Indiana Geography Quiz - Sudden Death - Statistics

General Stats
  • This quiz has been taken 279 times
  • The average score is 12 of 20
Answers on the Grid
Answers color-coded by a green-red scale on the quiz's grid according to % correct below.
Appalachian Mountains
Bloomington
Chesapeake & Ohio Canal
Cuyahoga National Park
Des Moines
Door Peninsula
Elkhart
Evansville
Fort Wayne
Fort Worth
Gary
Great Bend National Park
Hoosier Hill
Hoosier National Forest
Hot Springs National Park
Indiana Dunes National Park
Indianapolis
Indianapolis Motor Speedway
Lake Erie
Lake Huron
Lake Michigan
Lake Ontario
Lake Superior
Linocln Boyhood National Memorial
Lower Peninsula
Mississippi River
New England
Ohio River
Ozark Mountains
Peoria
Pigeon Forge
South Bend
St. Lawrence River
St. Louis
Terre Haute
Tippecanoe River
Vermillion River
Vincennes
Wabash River
White River
 
Answer Stats
Answer % Correct
Bloomington
82%
Indianapolis
77%
Fort Wayne
76%
Gary
76%
Indiana Dunes National Park
70%
Indianapolis Motor Speedway
70%
Evansville
68%
Hoosier Hill
65%
Hoosier National Forest
65%
Lake Michigan
63%
Elkhart
57%
Ohio River
57%
South Bend
56%
Terre Haute
55%
Wabash River
48%
Vincennes
46%
Tippecanoe River
43%
Linocln Boyhood National Memorial
40%
White River
35%
Vermillion River
29%
No matching quizzes found
Score Distribution
Percent of People with Each Score
Percentile by Number Answered
Your Score History
You have not taken this quiz